01236nam a22003137a 4500003000500000005001700005008004100022010001000063011001000073035001000083040000900093082001600102100002600118245006500144260005200209300001800261490004100279590004100320590004200361650002000403830004100423901000700464942001000471949007100481949007100552999001700623952014100640952014100781CHAP20220817041533.0971013s1962 r 00010 d a17358 a18330 a22415 cCHAP a595.771bH800aHull, Frank M.956846 aRobber flies of the world; the genera of the family Asilidae aWashington :bGovernment Printing Office,c1962 a2 v.b: ilus. aU.S. National Museum Bulletinv; 224 aBATCH-UPDb10c20130110lUCH01h2237 aCONVERSIONb10c20130109lUCH01h131114aAsilidae.979540 aU.S. National Museum Bulletinv; 224 aBK cLIBRO a595.771 H8bBCcLIBROd33724000368890eLIBROfv.2h15332i22415si a595.771 H8bBCcLIBROd33724000368908eLIBROfv.1h15331i22415si c17358d17358 00102ddc4052708GRALaBCbBCcPA_GRALd2019-12-31fLIBROl0o595.771 H8p33724000368890r2019-12-31 00:00:00tv.2w2019-12-31yLIBRO 00102ddc4052708GRALaBCbBCcPA_GRALd2019-12-31fLIBROl0o595.771 H8p33724000368908r2019-12-31 00:00:00tv.1w2019-12-31yLIBRO